LEADER 01089nam a2200253 4500 001 000000359822 003 CaOOAMICUS 005 20240916142808.0 008 240916s1979 it 000 u ita r 040 $aSeMil$bita 100 1 $aLa Vergata, Antonello,$d<1954- >.$0(OLS)http://semarc/name/22235 245 12$aL'evoluzione biologica da Linneo a Darwin :$b1735-1871 /$cAntonello La Vergata. 264 1$aTorino :$bLoescher,$c1979. 300 $a436 p. ;$c20 cm 490 1 $aStoria della scienza ;$v10 650 4$aScienza - Storia - Sec. 18.-19.$0(OLS)http://semarc/subject/56311 650 4$aEvoluzione - Filosofia.$0(OLS)http://semarc/subject/13345 830 0$aStoria della scienza ;$v10.$0(OLS)http://semarc/title/10777 850 $aSeMil 852 $aSeMil$W1$xVenegono$y1$m3X II 288$j250810$B250873$CSeMilBibl$Z2$F250873 $81 961 $aBuzzi mons. Franco - Omaggio 996 $6245$aL'evoluzione biologica da Linneo a Darwin :$b1735-1871$9(OLS)http://semarc/title/450240 996 $6264$aTorino :$bLoescher$9(OLS)http://semarc/publisher/30450 LEADER 01098nam a2200229 i 4500 001 000000231362 003 CaOOAMICUS 005 20140722000000.0 008 140722s1836 it u000 u fre u 013 $a210265 040 $aSeMil$bita 245 10$aRome, 2. partie :$bsites, monumens, scènes et costumes d'après Haudebourt-Lescot /$cpar M. D.-D. Farjasse. 300 $aP. 172-278, 161-207 c. di tav. :$bill. 500 $aLegato insieme alla parte 1. 650 4$aRoma - Descrizioni e viaggi.$0(OLS)http://semarc/subject/23621 700 1 $aFarjasse, Denis Dominique.$0(OLS)http://semarc/name/56065 773 0 $aChateaubriand, François René : de <1768-1848>$tItalie, la Sicile, les Iles Éoliennes, l'Ile d'Elbe, la Sardaigne, Malte, l'Ile De Calypso, etc..$dParis : Audot, 1836.$w()28053 850 $aSeMil 852 $aSeMil$W1$xVenegono$y1$m4Y VI 4 FA$j181708$B181708$CSeMilBibl$Z2$F192449 $8I 941 1 $a10 961 $aRecupero: Mantegazza 996 $6245$aRome, 2. partie :$bsites, monumens, scènes et costumes d'après Haudebourt-Lescot$9(OLS)http://semarc/title/330427